<?xml version="1.0" encoding="UTF-8"?>
<record
    xmlns:xsi="http://www.w3.org/2001/XMLSchema-instance"
    xsi:schemaLocation="http://www.loc.gov/MARC21/slim http://www.loc.gov/standards/marcxml/schema/MARC21slim.xsd"
    xmlns="http://www.loc.gov/MARC21/slim">

  <leader>01214cam a22002531i 4500</leader>
  <controlfield tag="003">OSt</controlfield>
  <controlfield tag="005">20260313124756.0</controlfield>
  <controlfield tag="008">260215s1896    su     g      000 0 ara c</controlfield>
  <datafield tag="040" ind1=" " ind2=" ">
    <subfield code="a">SA-JeALM</subfield>
    <subfield code="b">ara</subfield>
    <subfield code="c">SA-RiAUC</subfield>
    <subfield code="e">rda</subfield>
  </datafield>
  <datafield tag="082" ind1="0" ind2=" ">
    <subfield code="a">260&#x200F;</subfield>
    <subfield code="q">SA-RiAUC</subfield>
  </datafield>
  <datafield tag="090" ind1=" " ind2=" ">
    <subfield code="a">&#x645; &#x646; 260</subfield>
    <subfield code="b">&#x646; &#x648; &#x648;</subfield>
  </datafield>
  <datafield tag="100" ind1="1" ind2=" ">
    <subfield code="a">&#x646;&#x648;&#x648;&#x64A; &#x627;&#x644;&#x62C;&#x627;&#x648;&#x64A;&#x60C; &#x645;&#x62D;&#x645;&#x62F; &#x628;&#x646; &#x639;&#x645;&#x631; &#x628;&#x646; &#x639;&#x631;&#x628;&#x64A;&#x60C;</subfield>
    <subfield code="d">1230-1316 &#x647;&#x62C;&#x631;&#x64A;</subfield>
    <subfield code="e">&#x645;&#x624;&#x644;&#x641;.</subfield>
  </datafield>
  <datafield tag="245" ind1="1" ind2="0">
    <subfield code="a">&#x647;&#x630;&#x627; &#x634;&#x631;&#x62D; &#x645;&#x635;&#x628;&#x627;&#x62D; &#x627;&#x644;&#x638;&#x644;&#x645; &#x639;&#x644;&#x649; &#x627;&#x644;&#x646;&#x647;&#x62C; &#x627;&#x644;&#x623;&#x62A;&#x645; &#x641;&#x64A; &#x62A;&#x628;&#x648;&#x64A;&#x628; &#x627;&#x644;&#x62D;&#x643;&#x645; /&#x200F;</subfield>
    <subfield code="c">&#x645;&#x62D;&#x645;&#x62F; &#x646;&#x648;&#x648;&#x64A; &#x627;&#x644;&#x628;&#x646;&#x62A;&#x646;&#x64A; &#x627;&#x644;&#x62C;&#x627;&#x648;&#x64A; &#x61B; &#x62A;&#x628;&#x648;&#x64A;&#x628; &#x639;&#x644;&#x64A; &#x627;&#x644;&#x645;&#x62A;&#x642;&#x64A; &#x627;&#x644;&#x647;&#x631;&#x648;&#x64A;. &#x648;&#x628;&#x647;&#x627;&#x645;&#x634;&#x647; &#x634;&#x631;&#x62D; &#x627;&#x644;&#x628;&#x631;&#x62F;&#x629; &#x644;&#x644;&#x645;&#x624;&#x644;&#x641; &#x627;&#x644;&#x645;&#x630;&#x643;&#x648;&#x631;</subfield>
  </datafield>
  <datafield tag="250" ind1=" " ind2=" ">
    <subfield code="a">&#x627;&#x644;&#x637;&#x628;&#x639;&#x629; &#x627;&#x644;&#x623;&#x648;&#x644;&#x649;.&#x200F;</subfield>
  </datafield>
  <datafield tag="264" ind1=" " ind2="1">
    <subfield code="a">&#x645;&#x643;&#x629; &#x627;&#x644;&#x645;&#x643;&#x631;&#x645;&#x629; :</subfield>
    <subfield code="b">&#x627;&#x644;&#x645;&#x637;&#x628;&#x639;&#x629; &#x627;&#x644;&#x645;&#x64A;&#x631;&#x64A;&#x629;&#x60C;&#x200F;&#x200F;</subfield>
    <subfield code="c">1896&#x200F;</subfield>
  </datafield>
  <datafield tag="300" ind1=" " ind2=" ">
    <subfield code="a">132 &#x635;&#x641;&#x62D;&#x629; &#x61B;</subfield>
    <subfield code="c">29 &#x633;&#x645;</subfield>
  </datafield>
  <datafield tag="336" ind1=" " ind2=" ">
    <subfield code="a">&#x646;&#x635;</subfield>
    <subfield code="b">txt</subfield>
    <subfield code="2">rdacontent</subfield>
    <subfield code="3">&#x643;&#x62A;&#x627;&#x628;</subfield>
  </datafield>
  <datafield tag="337" ind1=" " ind2=" ">
    <subfield code="a">&#x628;&#x62F;&#x648;&#x646; &#x648;&#x633;&#x64A;&#x637;</subfield>
    <subfield code="b">n</subfield>
    <subfield code="2">rdamedia</subfield>
  </datafield>
  <datafield tag="650" ind1=" " ind2="7">
    <subfield code="a">&#x627;&#x644;&#x62A;&#x635;&#x648;&#x641; &#x627;&#x644;&#x625;&#x633;&#x644;&#x627;&#x645;&#x64A;</subfield>
    <subfield code="2">aucsh</subfield>
  </datafield>
  <datafield tag="650" ind1=" " ind2="7">
    <subfield code="a">&#x627;&#x644;&#x62D;&#x643;&#x645; &#x648;&#x627;&#x644;&#x645;&#x623;&#x62B;&#x648;&#x631;&#x627;&#x62A;</subfield>
    <subfield code="2">aucsh</subfield>
  </datafield>
  <datafield tag="700" ind1="1" ind2=" ">
    <subfield code="a">&#x627;&#x644;&#x647;&#x631;&#x648;&#x64A;&#x60C; &#x639;&#x644;&#x64A; &#x628;&#x646; &#x623;&#x628;&#x64A; &#x628;&#x643;&#x631; &#x628;&#x646; &#x639;&#x644;&#x64A;&#x60C;</subfield>
    <subfield code="d">&#x62A;&#x648;&#x641;&#x64A; 611 &#x647;&#x62C;&#x631;&#x64A;</subfield>
    <subfield code="e">&#x645;&#x642;&#x62F;&#x645;.</subfield>
  </datafield>
  <datafield tag="942" ind1=" " ind2=" ">
    <subfield code="2">ddc</subfield>
    <subfield code="c">RBOOK COPY</subfield>
    <subfield code="n">0</subfield>
  </datafield>
  <datafield tag="949" ind1=" " ind2=" ">
    <subfield code="a">SA-JeALM</subfield>
    <subfield code="d">260215</subfield>
    <subfield code="u">osman123</subfield>
    <subfield code="n">1</subfield>
  </datafield>
  <datafield tag="952" ind1=" " ind2=" ">
    <subfield code="0">0</subfield>
    <subfield code="1">0</subfield>
    <subfield code="2">ddc</subfield>
    <subfield code="4">0</subfield>
    <subfield code="7">0</subfield>
    <subfield code="a">WAHAB</subfield>
    <subfield code="b">WAHAB</subfield>
    <subfield code="d">2026-03-13</subfield>
    <subfield code="l">0</subfield>
    <subfield code="o">&#x645; &#x646; 260  &#x646; &#x648; &#x648;</subfield>
    <subfield code="p">000023051</subfield>
    <subfield code="r">2026-03-13 12:48:33</subfield>
    <subfield code="w">2026-03-13</subfield>
    <subfield code="y">RBOOK COPY</subfield>
  </datafield>
  <datafield tag="999" ind1=" " ind2=" ">
    <subfield code="c">14563</subfield>
    <subfield code="d">14563</subfield>
  </datafield>
</record>
